000 00477nam a22001697a 4500
005 20240710101127.0
008 240710b |||||||| |||| 00| 0 eng d
020 _a9780471312895
082 _a658.054
_bFRE-B
100 _aFrenza, J.P
245 _aBuying Web Services :
_bhe Survival Guide to Outsourcing /
_cJ.P.Frenza
260 _aindia:
_bwiley;
_c1999.
300 _axiv, 379 p, :
_bill;
_c24 cm.
500 _ainclude index.
650 _aNetworking
999 _c36096
_d36096